00322nam a2200121 a 450000500170000000800410001702000180005805000280007624500220010426000370012644000240016365000130018720140412111422.0080122s19uu xx 00 eng d a983-3434-71-1 aTR(GS 372.7bMa425 2007 aMathematics. B.2. aMalaysia :bLittle Sun Sdn. Bhd. aKindergarten series aWorkbook